[Event "ARG-ch sf U2300 Reconquista 2nd"]
[Site "Reconquista"]
[Date "2019.10.05"]
[Round "3.2"]
[White "Raviolo, Ignacio"]
[Black "Mizzau, Pablo"]
[Result "1-0"]
[WhiteElo "2140"]
[BlackElo "2169"]
[PlyCount "121"]
[EventDate "2019.10.05"]
[EventType "swiss"]
[EventRounds "6"]
[EventCountry "ARG"]
[SourceTitle "EXT 2024"]
[Source "ChessBase"]
[SourceDate "2023.10.10"]
[SourceVersion "1"]
[SourceVersionDate "2023.10.10"]
[SourceQuality "1"]

1. e4 e5 2. f4 exf4 3. Bc4 Qh4+ 4. Kf1 d6 5. Nc3 c6 6. d4 Be6 7. Bb3 Nd7 8. Nf3 Qf6 9. Qd2 Bxb3 10. axb3 g5 11. Ra5 Bh6 12. e5 Qg6 13. exd6 Ngf6 14. Ne5 Nxe5 15. dxe5 Nd7 16. h4 Bg7 17. e6 Qxe6 18. Rxg5 Bxc3 19. Qxc3 0-0-0 20. Bxf4 Kb8 21. Rh3 f6 22. Re3 Ne5 23. Rg7 Rhe8 24. Qb4 Rd7 25. Rxd7 Qxd7 26. Qd4 Qe6 27. d7 Rd8 28. Bxe5+ fxe5 29. Qxe5+ Qxe5 30. Rxe5 Rxd7 31. Ke2 Kc7 32. Re6 Rf7 33. g3 Kd7 34. Re4 Kd6 35. c3 Kd5 36. Re3 a5 37. Re8 b6 38. h5 b5 39. g4 Rf4 40. g5 Rg4 41. Rg8 a4 42. Kf3 Rg1 43. bxa4 bxa4 44. h6 Rf1+ 45. Ke2 Rh1 46. Rg7 Rh5 47. Rxh7 Rxg5 48. Rg7 Rh5 49. h7 Rh2+ 50. Ke3 Kc4 51. Kf3 Kb3 52. Rb7+ Kc2 53. Ke4 Rh5 54. Kd4 Rh4+ 55. Kc5 Rh6 56. c4 Rh4 57. Rb4 Rxh7 58. Kxc6 Rh3 59. c5 a3 60. bxa3 Kc3 61. Kb6 1-0

[Event "ARG-ch U2300"]
[Site "Tacuari"]
[Date "2018.11.18"]
[Round "4"]
[White "Meza, Anahi Silvina"]
[Black "Raviolo, Ignacio"]
[Result "1-0"]
[WhiteElo "2034"]
[BlackElo "2151"]
[PlyCount "101"]
[EventDate "2018.11.16"]
[EventType "swiss"]
[EventRounds "7"]
[EventCountry "ARG"]
[SourceTitle "EXT 2020"]
[Source "ChessBase"]
[SourceDate "2019.10.17"]
[SourceVersion "1"]
[SourceVersionDate "2019.10.17"]
[SourceQuality "1"]

1. d4 Nf6 2. c4 c5 3. d5 e6 4. Nc3 exd5 5. cxd5 d6 6. e4 g6 7. Nf3 Bg7 8. Be2 0-0 9. 0-0 Re8 10. Nd2 Nbd7 11. h3 a6 12. a4 Rb8 13. Qc2 Nh5 14. Nc4 Ne5 15. Nxe5 Bxe5 16. Bxh5 gxh5 17. f4 Bd4+ 18. Kh2 Qh4 19. Ra3 Bd7 20. Ne2 Bg7 21. Rg3 Kh8 22. b3 Bg4 23. Bb2 Rg8 24. Ng1 Bd4 25. Bxd4+ cxd4 26. Qd3 Rg7 27. Qxd4 Rbg8 28. Nf3 Bxf3 29. Rfxf3 h6 30. Rxg7 Rxg7 31. Qc3 Kh7 32. e5 Qe7 33. Qb4 f5 34. Qxd6 Qxd6 35. exd6 Rd7 36. Re3 Rxd6 37. Re7+ Kg8 38. Rxb7 Rxd5 39. Rb6 Rd3 40. Rxa6 Rxb3 41. Rxh6 Rb4 42. Rxh5 Rxf4 43. a5 Kg7 44. a6 Kg6 45. Rh8 Ra4 46. Ra8 f4 47. a7 Kg7 48. h4 Ra3 49. Kg1 Ra2 50. Kf1 Ra4 51. Ke2 1-0

[Event "Santa Fe Rafaela U2200 op"]
[Site "Santa Fe"]
[Date "2018.09.16"]
[Round "5.1"]
[White "Alzugaray, Julian"]
[Black "Raviolo, Ignacio"]
[Result "0-1"]
[WhiteElo "1708"]
[BlackElo "2138"]
[PlyCount "56"]
[EventDate "2018.09.14"]
[EventType "swiss"]
[EventRounds "7"]
[EventCountry "ARG"]
[SourceTitle "EXT 2024"]
[Source "ChessBase"]
[SourceDate "2023.10.10"]
[SourceVersion "1"]
[SourceVersionDate "2023.10.10"]
[SourceQuality "1"]

1. d4 Nf6 2. Bf4 d5 3. e3 e6 4. Nd2 Bd6 5. Ngf3 0-0 6. Bd3 b6 7. 0-0 Ba6 8. Nb3 c5 9. Bxa6 Nxa6 10. Bxd6 Qxd6 11. dxc5 bxc5 12. c4 Qb6 13. Nfd2 Rfd8 14. Qe2 Nb4 15. Rfc1 Ne4 16. cxd5 Nxd2 17. Qxd2 Rxd5 18. Qc3 Nd3 19. Rf1 a5 20. Rab1 Qb4 21. Nc1 Ne5 22. Ne2 Rad8 23. a3 Qc4 24. Qxc4 Nxc4 25. Nc3 Rd3 26. Rfd1 Nd2 27. Rbc1 f5 28. Nb1 Nf3+ 0-1

[Event "Parana Dos Orillas 7th"]
[Site "Parana"]
[Date "2018.08.05"]
[Round "6.5"]
[White "Raviolo, Ignacio"]
[Black "Zaidman, Gaston"]
[Result "1-0"]
[WhiteElo "2139"]
[BlackElo "2000"]
[PlyCount "73"]
[EventDate "2018.08.03"]
[EventType "swiss"]
[EventRounds "6"]
[EventCountry "ARG"]
[SourceTitle "EXT 2024"]
[Source "ChessBase"]
[SourceDate "2023.10.10"]
[SourceVersion "1"]
[SourceVersionDate "2023.10.10"]
[SourceQuality "1"]

1. e4 c5 2. Nf3 Nc6 3. d4 cxd4 4. Nxd4 Nf6 5. Nc3 e5 6. Ndb5 d6 7. Bg5 a6 8. Na3 Be6 9. Nc4 Rc8 10. Bxf6 gxf6 11. Nd5 f5 12. exf5 Bxf5 13. c3 Be6 14. Ncb6 Rb8 15. Bc4 Bg7 16. 0-0 0-0 17. a4 Kh8 18. b4 f5 19. a5 f4 20. Re1 Qh4 21. g3 Qh6 22. Ra2 Rf5 23. Nc7 Bxc4 24. Nxc4 f3 25. Re4 Rh5 26. h4 Rd8 27. Rd2 Bf8 28. Qxf3 Be7 29. Ne6 Qxe6 30. Qxh5 d5 31. Rxe5 Nxe5 32. Nxe5 Rc8 33. Rxd5 Rxc3 34. Qe8+ Kg7 35. Rd7 Kf6 36. Qh8+ Kf5 37. Qxh7+ 1-0

[Event "Parana Dos Orillas 7th"]
[Site "Parana"]
[Date "2018.08.04"]
[Round "3.8"]
[White "Garcia Gorostegui, Ezequiel"]
[Black "Raviolo, Ignacio"]
[Result "1-0"]
[WhiteElo "1912"]
[BlackElo "2139"]
[PlyCount "79"]
[EventDate "2018.08.03"]
[EventType "swiss"]
[EventRounds "6"]
[EventCountry "ARG"]
[SourceTitle "EXT 2024"]
[Source "ChessBase"]
[SourceDate "2023.10.10"]
[SourceVersion "1"]
[SourceVersionDate "2023.10.10"]
[SourceQuality "1"]

1. d4 Nf6 2. c4 c5 3. Nf3 cxd4 4. Nxd4 e5 5. Nb5 d5 6. cxd5 Bc5 7. e3 0-0 8. N5c3 Qe7 9. Be2 e4 10. a3 Rd8 11. b4 Bd6 12. Bb2 Be5 13. Qb3 Nbd7 14. Nd2 Nb6 15. Nc4 Nxc4 16. Bxc4 Bf5 17. Nb5 Bxb2 18. Qxb2 Nxd5 19. 0-0 Nf6 20. Rfd1 a6 21. Rxd8+ Rxd8 22. Nd4 Qe5 23. h3 Bd7 24. Rd1 Rf8 25. Qa2 Qg5 26. Kf1 Qe5 27. Kg1 Qh5 28. Qe2 Qg6 29. Kh2 Re8 30. Qd2 Re5 31. Ne2 h5 32. Qd6 Qf5 33. Ng3 Qg5 34. Qb8+ Kh7 35. Bxf7 Re7 36. Qf8 h4 37. Nh5 Qe5+ 38. Kg1 Nxh5 39. Qg8+ Kh6 40. Qh8+ 1-0

[Event "ARG-ch Amateur U2300"]
[Site "Suipacha"]
[Date "2017.11.17"]
[Round "1.17"]
[White "Raviolo, Ignacio"]
[Black "Alvarez, Leandro"]
[Result "1/2-1/2"]
[WhiteElo "2139"]
[BlackElo "2092"]
[PlyCount "111"]
[EventDate "2017.11.17"]
[EventType "swiss"]
[EventRounds "8"]
[EventCountry "ARG"]
[SourceTitle "EXT 2024"]
[Source "ChessBase"]
[SourceDate "2023.10.10"]
[SourceVersion "1"]
[SourceVersionDate "2023.10.10"]
[SourceQuality "1"]

1. e4 d6 2. d4 g6 3. Nc3 Bg7 4. Be3 a6 5. Qd2 Nd7 6. 0-0-0 h6 7. e5 Nb6 8. f4 d5 9. Nf3 Bg4 10. Qf2 e6 11. h3 Bxf3 12. Qxf3 Ne7 13. g4 Nd7 14. Bd3 c5 15. dxc5 Nc6 16. Qf2 Rc8 17. Kb1 g5 18. Nxd5 exd5 19. e6 fxe6 20. Bg6+ Ke7 21. fxg5 Qf8 22. Qe2 hxg5 23. Rxd5 Bf6 24. Bxg5 Nce5 25. Rxe5 Nxe5 26. Qxe5 Bxg5 27. Qxg5+ Qf6 28. Qxf6+ Kxf6 29. Be4 Rxc5 30. Bxb7 a5 31. h4 Rc4 32. Bf3 Rf4 33. Be2 e5 34. Kc1 Rd8 35. Rg1 e4 36. g5+ Kf5 37. h5 Rf2 38. Bc4 Rdd2 39. Bb3 Rg2 40. Re1 Rde2 41. Rxe2 Rxe2 42. g6 Kf6 43. Bf7 Rh2 44. c4 e3 45. Kd1 Kg7 46. c5 Rxb2 47. c6 e2+ 48. Ke1 Rc2 49. Bd5 Kh6 50. a4 Kg7 51. Bf3 Kh6 52. Kf2 Kg7 53. Bxe2 Rxc6 54. Ke3 Rc5 55. Kd4 Rf5 56. Ke4 1/2-1/2

[Event "Rosario Flag B"]
[Site "Rosario"]
[Date "2015.06.21"]
[Round "7.4"]
[White "Raviolo, Ignacio"]
[Black "Huerta, Diego"]
[Result "1-0"]
[WhiteElo "2132"]
[BlackElo "2090"]
[PlyCount "113"]
[EventDate "2015.06.18"]
[EventType "tourn"]
[EventRounds "7"]
[EventCountry "ARG"]
[SourceTitle "EXT 2024"]
[Source "ChessBase"]
[SourceDate "2023.10.10"]
[SourceVersion "1"]
[SourceVersionDate "2023.10.10"]
[SourceQuality "1"]

1. e4 e5 2. Nf3 Nc6 3. Bb5 a6 4. Ba4 Nf6 5. 0-0 Nxe4 6. d4 b5 7. Bb3 d5 8. dxe5 Be6 9. c3 Bc5 10. Nbd2 0-0 11. Qe2 Nxd2 12. Bxd2 Kh8 13. Bc2 f6 14. Qd3 g6 15. Bh6 Re8 16. exf6 Qxf6 17. Qd2 Ne5 18. Nxe5 Qxe5 19. Bf4 Qg7 20. Rfe1 Qf7 21. b4 Bf8 22. Be5+ Bg7 23. Qd4 c6 24. a4 Kg8 25. Bxg7 Qxg7 26. f3 Qxd4+ 27. cxd4 Kf7 28. a5 Kf6 29. Kf2 Bd7 30. Rec1 Re7 31. Bd3 Rae8 32. Rc3 Re3 33. Rac1 R8e7 34. h4 h6 35. Kg3 Re1 36. Kf2 R1e3 37. Bf1 Rxc3 38. Rxc3 g5 39. hxg5+ hxg5 40. Bd3 Re6 41. Rc1 Be8 42. Rh1 Bf7 43. Rh8 Be8 44. g4 Re7 45. Bf5 Kg7 46. Rh7+ Kf6 47. Rxe7 Kxe7 48. Bc8 Kd8 49. Bxa6 Kc7 50. Ke3 Bd7 51. f4 Bxg4 52. fxg5 Bf5 53. Kf4 Bc2 54. Ke5 Be4 55. Bxb5 cxb5 56. Kf6 Kd7 57. g6 1-0

[Event "Rosario Flag B"]
[Site "Rosario"]
[Date "2015.06.18"]
[Round "1.2"]
[White "Martinez Dorr, Fernando R"]
[Black "Raviolo, Ignacio"]
[Result "1-0"]
[WhiteElo "2227"]
[BlackElo "2132"]
[PlyCount "81"]
[EventDate "2015.06.18"]
[EventType "tourn"]
[EventRounds "7"]
[EventCountry "ARG"]
[SourceTitle "EXT 2024"]
[Source "ChessBase"]
[SourceDate "2023.10.10"]
[SourceVersion "1"]
[SourceVersionDate "2023.10.10"]
[SourceQuality "1"]

1. e4 e6 2. d4 d5 3. Nd2 Nf6 4. e5 Nfd7 5. Bd3 c5 6. c3 Nc6 7. Ngf3 Qb6 8. 0-0 cxd4 9. cxd4 Be7 10. Nb3 a5 11. Be3 a4 12. Nc1 Nb4 13. Bb1 a3 14. b3 Nb8 15. Ne2 Bd7 16. h4 Bb5 17. Re1 Bxe2 18. Qxe2 h6 19. h5 N8c6 20. Rd1 Rc8 21. Ne1 0-0 22. Qd2 Rfe8 23. Nf3 Bf8 24. g4 Rc7 25. g5 hxg5 26. Bxg5 Rec8 27. Bf6 gxf6 28. exf6 Nxd4 29. Qg5+ Kh8 30. Rxd4 Rc1+ 31. Kg2 Qb5 32. Nd2 Qe2 33. Rg4 Qxg4+ 34. Qxg4 Nc6 35. Qf4 Rd1 36. Nf3 Nd8 37. Ne5 Rcc1 38. Nd7 Rg1+ 39. Kf3 Bc5 40. Qh6+ Kg8 41. Qh7# 1-0

[Event "Rosario Flag B"]
[Site "Rosario"]
[Date "2015.06.18"]
[Round "2.3"]
[White "Raviolo, Ignacio"]
[Black "Paganini, Jose Ignacio"]
[Result "1-0"]
[WhiteElo "2132"]
[BlackElo "1878"]
[PlyCount "77"]
[EventDate "2015.06.18"]
[EventType "tourn"]
[EventRounds "7"]
[EventCountry "ARG"]
[SourceTitle "EXT 2024"]
[Source "ChessBase"]
[SourceDate "2023.10.10"]
[SourceVersion "1"]
[SourceVersionDate "2023.10.10"]
[SourceQuality "1"]

1. e4 c5 2. Nf3 d6 3. d4 cxd4 4. Nxd4 g6 5. Nc3 Bg7 6. Be3 Nf6 7. f3 Nc6 8. Bc4 0-0 9. Qd2 Nxd4 10. Bxd4 Be6 11. Bb3 Qa5 12. 0-0-0 b5 13. Kb1 Bxb3 14. cxb3 Rfc8 15. Rhe1 b4 16. Nd5 Nxd5 17. Bxg7 Kxg7 18. exd5 Rc7 19. Re4 Rac8 20. Rxb4 Rc2 21. Qd4+ Kg8 22. Rb7 Qc5 23. Qxc5 R8xc5 24. b4 R5c4 25. b3 R4c3 26. Rxa7 Rxg2 27. Rc1 Rxf3 28. Rc2 Rf1+ 29. Kb2 Rxc2+ 30. Kxc2 Rh1 31. b5 Rxh2+ 32. Kd3 Rh4 33. b6 Rb4 34. b7 Kg7 35. Kc3 Rb6 36. a4 h5 37. a5 Rxb7 38. Rxb7 h4 39. Rxe7 1-0